000
00324nam a2200145Ia 4500
005
20251222143135.0
008
251222s9999||||xx |||||||||||||| ||spa||
020
_a
8445807714
082
_a
150/S16
100
_a
Sáiz Ruiz, Jerónimo
245
0
_a
Esquizofrenia:
250
_a
1ra.ed.
264
_b
Masson
942
_c
LIB
999
_c
12091
_d
12091